MARC

LEADER 00000nam0a2200000 4500
001 118072
005 20231031124024.0
035 |a (RuTPU)RU\TPU\book\127787 
090 |a 118072 
100 |a 20070607d1976 m y0rusy50 ca 
101 0 |a rus 
102 |a RU 
105 |a y j 000zy 
200 1 |a Производственная педагогика  |e учебник  |f С. Я. Батышев 
205 |a 2-е изд., перераб. и доп. 
210 |a Москва  |c Машиностроение  |d 1976 
215 |a 688 с. 
610 1 |a производственно-техническое обучение 
610 1 |a методика 
610 1 |a учебники 
610 1 |a задачи 
610 1 |a принципы 
610 1 |a научная организация труда 
610 1 |a обучение 
610 1 |a планирование 
675 |a 658.386.012(07)  |v 3 
700 1 |a Батышев  |b С. Я.  |g Сергей Яковлевич 
801 1 |a RU  |b 63413507  |c 20070607  |g PSBO 
801 2 |a RU  |b 63413507  |c 20071119  |g PSBO 
942 |c BK